Lingvistika a lingvodidaktika na školách filologického zamerania zborník príspevkov

Salvato in:
Dettagli Bibliografici
Altri autori: Lančarič, Daniel, Tamášová, Viola, Kvetko, Pavol
Natura: Libro
Lingua:slovacco
inglese
tedesco
Pubblicazione: Bratislava Z-F LINGUA 2009
Soggetti:
Tags: Aggiungi Tag
Nessun Tag, puoi essere il primo ad aggiungerne!!

MARC

LEADER 00000nlm$a2200000$$$4500
001 0094782
005 20240502072044.4
020 |a 978-80-89328-25-3 
041 0 |a slo 
041 0 |a eng 
041 0 |a ger 
044 |a SK 
245 1 0 |a Lingvistika a lingvodidaktika na školách filologického zamerania  |b zborník príspevkov  |c zostavovateľ Daniel Lančarič 
264 1 |a Bratislava  |b Z-F LINGUA  |c 2009 
300 |a CD-ROM 
610 2 0 |a jazykoveda 
610 2 0 |a jazyky cudzie 
610 2 0 |a didaktika 
610 2 0 |a školy vysoké 
700 1 |a Lančarič, Daniel 
700 1 |a Tamášová, Viola 
700 1 |a Kvetko, Pavol